00599cam a2200193 a 45000010005000000030008000050050017000130080039000300350018000690400042000870410008001290820026001372450075001632600037002383000035002755040050003106500022003607000023003827377BD-RjUL20211208234415.014 t1957 enkab b 001 0 eng a(BD-RjUL)7420 aDLCcWSUdSERdUKMdEQOdBD-RjULbeng aeng00a323.352216bGRE 195710aGreat cities of the world :btheir government, politics and planning / aLondon :bAllen and Unwin,c1957 a814 p. :bill., maps ;c24 cm. aIncludes Bibliographical reference and index. 0aCities and towns.1 aRobson, William A.